2023 Minnesota Twins Team Leaders - Statistics

General Stats
  • This quiz has been taken 14 times
  • The average score is 37 of 40
Answer Stats
Hint Answer % Correct
Games (135) Carlos Correa
100%
At-Bats (514) Carlos Correa
100%
Hits (118) Carlos Correa
100%
Doubles (29) Carlos Correa
100%
Batting Average (.230) Carlos Correa
100%
On Base Percentage (.312) Carlos Correa
100%
Slugging Percentage (.399) Carlos Correa
100%
On Base Plus Slugging (.711) Carlos Correa
100%
Saves (27) Jhoan Duran
100%
Save Opportunities (32) Jhoan Duran
100%
Wins (11) Pablo Lopez
100%
Games Started (32) Pablo Lopez
100%
Complete Games (1) Pablo Lopez
100%
Shutouts (1) Pablo Lopez
100%
Innings Pitched (194) Pablo Lopez
100%
Hits (176) Pablo Lopez
100%
Strikeouts (234) Pablo Lopez
100%
WHIP (1.15) Pablo Lopez
100%
Triples (5) Willi Castro
100%
Stolen Bases (33) Willi Castro
100%
Caught Stealing (5) Willi Castro
100%
Losses (10) Griffin Jax
89%
Games (71) Griffin Jax
89%
Losses (10) Joe Ryan
89%
Complete Games (1) Joe Ryan
89%
Shutouts (1) Joe Ryan
89%
Runs (83) Joe Ryan
89%
Earned Runs (81) Joe Ryan
89%
Home Runs (32) Joe Ryan
89%
Hit Batters (9) Joe Ryan
89%
Batting Strikeouts (142) Joey Gallo
89%
Earned Run Average (2.79) Sonny Gray
89%
Games Started (32) Sonny Gray
89%
Walks (55) Sonny Gray
89%
WHIP (1.15) Sonny Gray
89%
Batting Average Against (.226) Sonny Gray
89%
Walks (64) Edouard Julien
78%
Runs (72) Max Kepler
78%
Home Runs (24) Max Kepler
78%
Runs Batted In (66) Max Kepler
78%
No matching quizzes found
Score Distribution
Percent of People with Each Score
Percentile by Number Answered
Your Score History
You have not taken this quiz